Klasifikácia metód odpisovania s ohľadom na ich vplyv na výsledok hospodárenia diplomová práca

Salvato in:
Dettagli Bibliografici
Autore principale: Cverenkárová, Monika
Ente Autore: Fakulta hospodárskej informatiky EU. Katedra účtovníctva a audítorstva
Altri autori: Silná, Renáta, 1981-
Natura: Libro
Lingua:slovacco
Pubblicazione: Bratislava 2012
Tags: Aggiungi Tag
Nessun Tag, puoi essere il primo ad aggiungerne!!

MARC

LEADER 00000nbm a2200000 4500
001 0154862
005 20161109102149.5
041 0 |a slo 
044 |a SK 
245 1 0 |a Klasifikácia metód odpisovania s ohľadom na ich vplyv na výsledok hospodárenia  |b diplomová práca  |c Monika Cverenkárová ; školiteľ: Renáta Silná 
264 1 |a Bratislava  |c 2012 
300 |a 78 s. 
100 1 |a Cverenkárová, Monika 
700 1 |a Silná, Renáta, 1981- 
710 2 |a Fakulta hospodárskej informatiky EU. Katedra účtovníctva a audítorstva